01011nam a2200193 a 4500008004100000050001700041100001800058245016000076260006100236300002400297490003800321490001800359500001700377650006200394650008400456995014500540999001700685952011500702121210s2007 ||||||||||||||||| || u aPAPERS/STAFF aSiziya, Seter10aSex differences in prevalence rates and predictors of cigarette smoking among in-school adolescents in Kilimanjaro, Tanzaniacby Seter Siziya; [and others] aLusaka: bUniversity of Zambia, School of Medicinec2007 ap.190 - p.195: ill. aTanzania Health Research Bulletin vVol. 9, No. 3 aBibliography aSEX DIFFERENCES--CIGARETTE SMOKING--ADOLESCENTS--TANZANIA aSEX DIFFERENCES--CIGARETTE SMOKING IN-SCHOOL ADOLESCENTS--KILIMANJARO, TANZANIA aSPECIAL COLLECTIONSe353FCBU-SCHOOL OF MEDICINE LIBRARY (Ndola)jPAPERS/STAFF/SIZIYAM1UAVAILABLEWDec 10, 2012yB353ZZambiana Collection c32695d32695 00102lcc4070a002b002cZambiana Collectiond2022-11-30l0oPAPERS/STAFFpB353r2022-11-30w2022-11-30y002